Pasantía en Fundación de apoyo a municipios de El Salvador (FUNDAMUNI) (Registro nro. 21004)

Detalles MARC
000 -CABECERA
Longitud fija campo de control 01008nam a22002297a 4500
003 - IDENTIFICADOR DELl NÚMERO DE CONTROL
Identificador del número de control OSt
005 - FECHA Y HORA DE LA ÚLTIMA TRANSACCIÓN
Fecha y hora de la última transacción 20170608093031.0
008 - CÓDIGOS DE INFORMACIÓN DE LONGITUD FIJA
Códigos de información de longitud fija 140214b2011 slv spa
040 ## - FUENTE DE LA CATALOGACIÓN
Centro transcriptor BMC
082 ## - NÚMERO DE LA CLASIFICACIÓN DECIMAL DEWEY
Númeroo de clasificación 624
100 1# - PUNTO DE ACCESO PRINCIPAL-NOMBRE DE PERSONA
9 (RLIN) 34480
Nombre de persona Guerra Monge, Silvestre Ramón Eduardo
245 10 - MENCIÓN DE TÍTULO
Título Pasantía en Fundación de apoyo a municipios de El Salvador (FUNDAMUNI)
Resto del título : Informe final
Mención de responsabilidad, etc. Silvestre Ramón Eduardo Guerra Monge
260 ## - PUBLICACIÓN, DISTRIBUCIÓN, ETC. (PIE DE IMPRENTA)
Lugar de publicación, distribución, etc. Santa Ana (El Salvador)
Nombre del editor, distribuidor, etc. Universidad Católica de El Salvador
Fecha de publicación, distribución, etc. 2011
300 ## - DESCRIPCIÓN FÍSICA
Extensión 109 h.
Otras características físicas il. col.
Dimensiones 27 cm
Material anejo + 1 disco compacto
500 ## - NOTA GENERAL
Nota general Precede al tít.: Universidad Católica de El Salvador, Facultad de Ingeniería y Arquitectura
500 ## - NOTA GENERAL
Nota general Período de realización: del 14 de febrero al 14 de agosto de 2011
502 ## - NOTA DE TESIS
Nota de tesis Para optar al título de: Ingeniero cívil
597 ## - NOTA SOBRE ÁREA Y DESCRIPCIÓN FÍSICA
Nota sobre el área de descripción físic Ejemp. con manchas de humedad
650 24 - PUNTO DE ACCESO ADICIONAL DE MATERIA - TÉRMINO DE MATERIA
9 (RLIN) 8218
Término de materia o nombre geográfico como elemento inicial Ingeniería civil
710 2# - PUNTO DE ACCESO ADICIONAL - NOMBRE DE ENTIDAD
9 (RLIN) 1166
Nombre de entidad o nombre de jurisdicción como elemento inicial Universidad Católica de El Salvador
Unidad subordinada Facultad de Ingeniería y Arquitectura
942 ## - ENTRADA DE ELEMENTOS AGREGADOS (KOHA)
Fuente de clasificaión o esquema Dewey Decimal Classification
Koha [por defecto] tipo de item 4- Trabajo de Graduación
Existencias
Suprimido Perdido Fuente de clasificación o esquema Estropeado Restricciones de uso No para préstamo Código de colección Localización permanente Localización actual Localización en estanter&íacute;as Fecha adquisición Fuente de adquisición Número de inventario Préstamos totales Signatura completa Código de barras Fecha última consulta Fecha del precio de reemplazo Tipo de item de Koha
NULL NULL Dewey Decimal Classification NULL Prestable NULL NULL Biblioteca Miguel de Cervantes - UNICAES Biblioteca Miguel de Cervantes - UNICAES Sala Principal 05/06/2015 Donación - Silvestre Ramón Eduardo Guerra Monge 000614   P-000614 1031557 05/06/2015 05/06/2015 4- Trabajo de Graduación